00631nam a2200193Ia 4500008004100000041000800041082001700049100002300066245004200089250001100131260004500142300000900187500003300196500000800229650001500237700002300252999001700275952014500292230125s9999 xx 000 0 und d aeng a658.001bPRA aPrasad L M9108140 aPrinciples and practice of management a4th ed c1994bS. Chand & Company Ltd.aNew Delhi a730p aPrinciples and practice ,PPM aPPM aManagement aPrasad L M9108140 c92405d92405 01104070aHIMRbHIMRd2001-12-20eSatya Gilanig75.00o658.001 PRA DB0659pHIMR-DB-659r2023-01-25 00:00:00v75.00w2002-01-25yDBzDB0659